Las máquinas que forjaron una nación: el secrero del crecimiento, riqueza y bienestar de los Estados Unidos

Guardat en:
Dades bibliogràfiques
Autor principal: Burlingame, Roger (Autor)
Format: Llibre
Idioma:espanyol
Publicat: Ciudad de México Libreros Mexicanos Unidos 1963
Matèries:
Etiquetes: Afegir etiqueta
Sense etiquetes, Sigues el primer a etiquetar aquest registre!

MARC

LEADER 00000nam a2200000 a 4500
001 UCW9615
003 CL-VaPUC
008 890530e19630000MX |||||||||||||||||spa|d
082 0 4 |a 338.09  |b BUR  |2 21 
100 0 |a Burlingame, Roger  |e author  |9 314936 
245 1 4 |a Las máquinas que forjaron una nación: el secrero del crecimiento, riqueza y bienestar de los Estados Unidos 
300 |a 242 p 
942 |c BK 
945 |d 19890530 00:00:00 
260 |a Ciudad de México  |b Libreros Mexicanos Unidos  |c 1963 
650 7 |a INVENTOS HISTORIA  |2 CL-VaPUC  |9 270556 
650 7 |a INVENTORES  |2 CL-VaPUC  |9 314937 
651 0 |a Estados Unidos  |9 255178 
583 |a last modification  |c 19890530 00:00:00  |k Rodrigo Vera 
999 |c 221532  |d 221530 
952 |0 0  |1 0  |4 0  |6 338_090000000000000_BUR_1963  |7 0  |8 A  |9 214973  |a BIBHIS  |b BIBHIS  |d 2019-11-15  |i 2835363  |o 338.09 BUR 1963  |p 2835363  |r 2025-01-20  |w 2019-11-15  |y BK  |k HIS